EPIC: The Musical - Songs by Length - Statistics

General Stats
  • This quiz has been taken 72 times
  • The average score is 16 of 40
Answer Stats
Length Song % Correct
5:46 Would You Fall in Love With Me Again
85%
5:20 God Games
69%
5:32 Odysseus
61%
2:14 Charybdis
59%
4:53 Mutiny
54%
2:06 We'll Be Fine
52%
2:29 Just a Man
46%
2:27 Done For
44%
4:52 I Can't Help But Wonder
44%
3:54 The Horse and the Infant
44%
2:48 No Longer You
43%
4:11 Love in Paradise
41%
2:54 Wouldn't You Like
41%
4:10 Puppeteer
39%
2:54 Scylla
39%
2:31 Suffering
39%
3:39 Monster
37%
4:17 The Underworld
37%
3:24 Dangerous
35%
2:59 Full Speed Ahead
35%
3:14 Legendary
35%
3:19 Open Arms
35%
2:43 Storm
35%
4:08 Keep Your Friends Close
33%
3:01 Luck Runs Out
33%
3:36 Polyphemus
33%
4:10 Thunder Bringer
33%
3:28 Warrior of the Mind
33%
3:41 Get in the Water
31%
3:04 Hold Them Down
31%
3:14 Little Wolf
31%
3:18 My Goodbye
31%
3:05 Not Sorry for Loving You
31%
4:09 Remember Them
31%
4:23 Ruthlessness
31%
3:32 The Challenge
31%
3:27 There Are Other Ways
31%
3:31 Different Beast
30%
3:32 Six Hundred Strike
30%
3:15 Survive
30%
No matching quizzes found
Score Distribution
Percent of People with Each Score
Percentile by Number Answered
Your Score History
You have not taken this quiz